|
|
|
|
| LEADER |
00000cam a2200000 4500 |
| 001 |
vtls011836317 |
| 003 |
SK-MaSNL |
| 005 |
20260301101130.0 |
| 008 |
220509s2018 xo o gr 100 0 slo |
| 015 |
|
|
|a SKSNBA2020/10
|
| 020 |
|
|
|a 9788089161546
|q (brožované)
|
| 035 |
|
|
|a urn:nbn:sk:snk-am00gkeg
|
| 035 |
|
|
|a urn:nbn:sk:snk-am3j5hq
|
| 035 |
|
|
|a BA50B5C5-92DD-48A5-8B13-685B8F33459E
|
| 040 |
|
|
|a SNK
|b slo
|c SNK
|e rda
|
| 041 |
0 |
|
|a slo
|a cze
|
| 043 |
|
|
|a e-xo---
|
| 044 |
|
|
|a xo
|c SK
|
| 072 |
|
7 |
|a 027
|x Univerzálne knižnice. Verejné knižnice
|2 konspekt
|
| 072 |
|
7 |
|a 028
|x Čítanie
|2 konspekt
|
| 080 |
|
|
|a 028.1-053.2
|2 2011
|
| 080 |
|
|
|a 37.016:028-028.31
|2 2011
|
| 080 |
|
|
|a 028
|2 2011
|
| 080 |
|
|
|a 159.947.5
|2 2011
|
| 080 |
|
|
|a 316.628
|2 2011
|
| 080 |
|
|
|a 027.4/.5
|2 2011
|
| 080 |
|
|
|a 005.591
|2 2011
|
| 080 |
|
|
|a (437.6)
|2 2011
|
| 080 |
|
|
|a (062.534)
|2 2011
|
| 111 |
2 |
|
|a Motivačné aktivity s detským čitateľom
|n (8. :
|d 2018 :
|c Košice, Slovensko)
|4 aut
|9 434960
|
| 245 |
1 |
0 |
|a Motivačné aktivity s detským čitateľom 8
|b zborník príspevkov zo seminára konaného v dňoch 22.-23. novembra 2018
|c zostavila: Kamila Prextová ; preklad: Dvoekonko Aleksandr, Grabinski Tomek ; foto: Viera Ristvejová
|
| 264 |
|
1 |
|a Košice
|b Knižnica pre mládež mesta Košice
|c 2018
|
| 300 |
|
|
|a 64 strán
|b farebné fotografie
|c 21 cm
|
| 336 |
|
|
|a text
|b txt
|2 rdacontent
|
| 337 |
|
|
|a bez média
|b n
|2 rdamedia
|
| 338 |
|
|
|a zväzok
|b nc
|2 rdacarrier
|
| 366 |
|
|
|e 700 kusov
|
| 500 |
|
|
|a Názov z obálky
|
| 500 |
|
|
|a Obsahuje aj preklady z poľštiny a ukrajinčiny
|
| 504 |
|
|
|a Obsahuje bibliografické odkazy
|
| 546 |
|
|
|a Čiastočný text v češtine
|
| 650 |
0 |
7 |
|a detskí čitatelia
|2 SNKPH
|9 81992
|
| 650 |
0 |
7 |
|a čítanie
|2 SNKPH
|9 1654
|
| 650 |
0 |
7 |
|a motivácia
|2 SNKPH
|9 1779
|
| 650 |
0 |
7 |
|a verejné knižnice
|2 SNKPH
|9 28929
|
| 650 |
0 |
7 |
|a programy a projekty
|2 SNKPH
|9 82765
|
| 650 |
0 |
7 |
|a Child reading
|2 SNKPHeng
|9 343897
|
| 650 |
0 |
7 |
|a Reading
|2 SNKPHeng
|9 276976
|
| 650 |
0 |
7 |
|a Motivation (psychology)
|2 SNKPHeng
|9 270854
|
| 650 |
0 |
7 |
|a Public libraries
|2 SNKPHeng
|9 266245
|
| 650 |
0 |
7 |
|a Programs and projects
|2 SNKPHeng
|9 274896
|
| 651 |
|
7 |
|a Slovensko
|2 SNKPH
|
| 651 |
|
7 |
|a Slovakia
|2 SNKPHeng
|9 92630
|
| 655 |
|
7 |
|a zborníky konferencií
|2 SNKPH
|9 70153
|
| 655 |
|
7 |
|a Proceedings of conferences
|2 SNKPHeng
|9 265791
|
| 700 |
1 |
|
|a Prextová, Kamila,
|d 1971-
|4 com
|9 340312
|
| 700 |
1 |
|
|a Dvoekonko, Aleksandr
|4 trl
|9 434961
|
| 700 |
1 |
|
|a Grabinski, Tomek
|4 trl
|9 434962
|
| 700 |
1 |
|
|a Ristvejová, Viera
|4 pht
|9 340313
|
| 919 |
|
|
|a 978-80-89161-54-6
|
| 919 |
|
|
|a NB
|
| 919 |
|
|
|a KL
|
| 999 |
|
|
|c 688321
|d 690251
|
| 952 |
|
|
|a SNK
|b SNK
|y PREZ
|7 0
|p 17A1360678
|o snkSC 183103
|i snk2019/5759
|8 0
|0 0
|1 0
|4 0
|d 2019-03-04
|f 1
|l 0
|r 2026-02-23 20:18:44
|w 2026-02-23
|
| 952 |
|
|
|a SNK
|b SNK
|y VYP
|7 0
|p 17A1360679
|o snkSC 183103 D1
|i snk2019/5760
|8 0
|0 0
|1 0
|4 0
|d 2019-03-04
|l 0
|r 2026-02-23 20:18:44
|w 2026-02-23
|